000
00263 a2200109 4500
001
90178
082
_a
03122 MUK
090
_c
42520
_d
42520
100
_a
Indira Mukherjee
245
_a
Tell me the answer: book 1
260
_a
New delhi
_b
Black Well Science
_c
1997
942
_a
NUST-CAE
_k
03122 MUK
999
_c
325251
_d
325251